000 00719cam a2200253 4500
001 J63725
008 000000n2001 000 0 eng u
022 _a14673487
035 _a(Sirsi) u111356
110 _aRoyal Institution of Chartered Surveyors
_94900
245 _aRICS UK economic brief February - May 2001
260 _aLondon
_bRICS
_c2001
300 _a4pt. ; 30cm.
520 _aProduced by the RICS Economics department.
650 _aECONOMY
650 _aFORECASTS
650 _aPROPERTY-COMMERCIAL PROPERTY
650 _aCONSTRUCTION INDUSTRY
650 _aRESIDENTIAL PROPERTY
_96266
650 _aPROPERTY MARKET
650 _aHOUSE PRICES
690 _aECONOMIC ISSUES
942 _n0
999 _c101235
_d101235